[Event "Bodensee op Seniors"]
[Site "Bregenz"]
[Date "2015.05.16"]
[Round "8"]
[White "Rigg, Hans"]
[Black "Dobosz, Henryk"]
[Result "0-1"]
[WhiteElo "1957"]
[BlackElo "2391"]
[PlyCount "64"]
[EventDate "2015.05.09"]
[EventType "swiss"]
[EventRounds "9"]
[EventCountry "AUT"]
[SourceTitle "CBM 166 Extra"]
[Source "ChessBase"]
[SourceDate "2015.06.18"]
[SourceVersion "1"]
[SourceVersionDate "2015.06.18"]
[SourceQuality "1"]

1. d4 d6 2. e4 g6 3. c3 Bg7 4. Bd3 Nf6 5. Bg5 h6 6. Bh4 0-0 7. Nd2 c5 8. Ne2 cxd4 9. cxd4 Nc6 10. f3 Qb6 11. Nb3 a5 12. Bf2 a4 13. d5 Qb4+ 14. Nd2 Ne5 15. Bc2 Nc4 16. Rb1 Nxb2 17. 0-0 Nd7 18. Qc1 Nc5 19. Bxc5 Qxc5+ 20. Kh1 Qe3 21. Qe1 Bd7 22. Ng3 Qxe1 23. Rfxe1 Rfc8 24. Rec1 Rc5 25. Bd1 Rac8 26. Rxc5 Rxc5 27. f4 Nxd1 28. Rxd1 b5 29. a3 Bb2 30. Nb1 b4 31. axb4 Rc4 32. Nd2 Rxb4 0-1

[Event "Liechtenstein op Seniors"]
[Site "Triesen"]
[Date "2013.05.08"]
[Round "6"]
[White "Rigg, Hans"]
[Black "Norman, Kenneth I"]
[Result "0-1"]
[WhiteElo "1989"]
[BlackElo "2208"]
[PlyCount "82"]
[EventDate "2013.05.03"]
[EventType "swiss"]
[EventRounds "9"]
[EventCountry "LIE"]
[SourceTitle "CBM 154 Extra"]
[Source "ChessBase"]
[SourceDate "2013.06.25"]
[SourceVersion "2"]
[SourceVersionDate "2013.06.25"]
[SourceQuality "1"]

1. c4 g6 2. Nc3 c5 3. Nf3 Bg7 4. d4 cxd4 5. Nxd4 Nc6 6. e3 Nf6 7. Bd3 0-0 8. 0-0 Nxd4 9. exd4 d5 10. Re1 Be6 11. c5 b6 12. b4 Nd7 13. Bb5 bxc5 14. Bxd7 Qxd7 15. bxc5 Rfc8 16. Rb1 Bf5 17. Rb3 e5 18. dxe5 d4 19. Nb5 Rxc5 20. Nxd4 Rd5 21. Qf3 Bg4 22. e6 Bxe6 23. Nxe6 fxe6 24. Bf4 Bd4 25. h3 Rf8 26. Rb8 Rxb8 27. Bxb8 Rf5 28. Bf4 Qf7 29. Qa8+ Kg7 30. g3 e5 31. Qe4 Bxf2+ 32. Kxf2 exf4 33. g4 Rd5 34. Re2 Rd7 35. Qe5+ Qf6 36. Qe8 Qh4+ 37. Kf3 Qg3+ 38. Ke4 Qd3+ 39. Kxf4 Rf7+ 40. Kg5 h6+ 41. Kh4 g5+ 0-1

[Event "Liechtenstein Seniors op 07th"]
[Site "Triesen"]
[Date "2007.05.16"]
[Round "6"]
[White "Dinser, Hans"]
[Black "Rigg, Hans"]
[Result "0-1"]
[WhiteElo "1914"]
[BlackElo "1986"]
[PlyCount "60"]
[EventDate "2007.05.11"]
[EventType "swiss"]
[EventRounds "9"]
[EventCountry "LIE"]
[SourceTitle "EXT 2010"]
[Source "ChessBase"]
[SourceDate "2010.11.25"]
[SourceVersion "1"]
[SourceVersionDate "2010.11.25"]
[SourceQuality "1"]

1. Nc3 d5 2. e4 d4 3. Nce2 e5 4. Ng3 Nf6 5. Nf3 Bd6 6. Bc4 0-0 7. Ng5 Bg4 8. f3 Bd7 9. d3 b5 10. Bb3 c5 11. 0-0 Qc7 12. Bxf7+ Rxf7 13. Nxf7 Kxf7 14. Bg5 Be6 15. Bxf6 gxf6 16. f4 exf4 17. Qh5+ Kg7 18. Nf5+ Bxf5 19. exf5 Nc6 20. Rae1 Be5 21. Rf3 Rg8 22. Rh3 Kh8 23. Qf3 Nb4 24. Re2 Nxa2 25. Kh1 Nb4 26. Qh5 c4 27. g4 fxg3 28. hxg3 Rxg3 29. Qe8+ Rg8 30. c3 Rxe8 0-1

[Event "Liechtenstein Seniors op 07th"]
[Site "Triesen"]
[Date "2007.05.15"]
[Round "5"]
[White "Rigg, Hans"]
[Black "Avram, Ion"]
[Result "1-0"]
[WhiteElo "1986"]
[BlackElo "1615"]
[PlyCount "59"]
[EventDate "2007.05.11"]
[EventType "swiss"]
[EventRounds "9"]
[EventCountry "LIE"]
[SourceTitle "EXT 2010"]
[Source "ChessBase"]
[SourceDate "2010.11.25"]
[SourceVersion "1"]
[SourceVersionDate "2010.11.25"]
[SourceQuality "1"]

1. e4 e5 2. Nf3 Nc6 3. Bb5 a6 4. Ba4 Bc5 5. c3 b5 6. Bc2 Nf6 7. d4 exd4 8. cxd4 Bb6 9. 0-0 d6 10. h3 0-0 11. Bg5 h6 12. Bh4 Bd7 13. Nc3 Ne7 14. e5 dxe5 15. dxe5 Nh7 16. Re1 f6 17. Qe2 g5 18. exf6 Nc6 19. Qe4 Nxf6 20. Qg6+ Kh8 21. Qxh6+ Kg8 22. Bxg5 Rf7 23. Nd5 Nxd5 24. Bxd8 Rxd8 25. Rad1 Rg7 26. Rxd5 Rxg2+ 27. Kxg2 Bxh3+ 28. Kxh3 Rxd5 29. Qg6+ Kf8 30. Re8# 1-0

[Event "Liechtenstein Seniors op 07th"]
[Site "Triesen"]
[Date "2007.05.13"]
[Round "3"]
[White "Rigg, Hans"]
[Black "Mani, Martin"]
[Result "0-1"]
[WhiteElo "1986"]
[BlackElo "1750"]
[PlyCount "60"]
[EventDate "2007.05.11"]
[EventType "swiss"]
[EventRounds "9"]
[EventCountry "LIE"]
[SourceTitle "EXT 2010"]
[Source "ChessBase"]
[SourceDate "2010.11.25"]
[SourceVersion "1"]
[SourceVersionDate "2010.11.25"]
[SourceQuality "1"]

1. e4 e6 2. d4 d5 3. Nc3 Bb4 4. Bd3 dxe4 5. Bxe4 Nf6 6. Bd3 Bxc3+ 7. bxc3 0-0 8. Nf3 Nc6 9. 0-0 h6 10. Bd2 Ne7 11. c4 Ng6 12. c3 b6 13. Bxg6 fxg6 14. Ne5 Qe8 15. Qc2 Kh7 16. f4 Bb7 17. Rae1 Rd8 18. d5 Nd7 19. Nxd7 Qxd7 20. Rxe6 Rf6 21. Rfe1 Rxe6 22. Rxe6 Qf7 23. Qe4 Rd7 24. g4 c6 25. f5 gxf5 26. gxf5 cxd5 27. Qc2 dxc4 28. Be3 Rd3 29. Re5 Qh5 30. Bf2 Qf3 0-1

[Event "Liechtenstein Seniors op 06th"]
[Site "Triesen"]
[Date "2006.05.21"]
[Round "3"]
[White "Rigg, Hans"]
[Black "Karl, Hans"]
[Result "0-1"]
[WhiteElo "2020"]
[BlackElo "2240"]
[PlyCount "74"]
[EventDate "2006.05.19"]
[EventType "swiss"]
[EventRounds "9"]
[EventCountry "LIE"]
[SourceTitle "CBM 112 Extra"]
[Source "ChessBase"]
[SourceDate "2006.07.14"]
[SourceVersion "1"]
[SourceVersionDate "2006.07.14"]
[SourceQuality "1"]

1. e4 e5 2. Nf3 Nc6 3. Bb5 a6 4. Ba4 Nf6 5. 0-0 Nxe4 6. Re1 b5 7. Bb3 d5 8. d3 Nf6 9. Nxe5 Nxe5 10. Rxe5+ Be6 11. Bg5 Bd6 12. Re1 0-0 13. Nd2 c6 14. Nf3 Bg4 15. h3 Bh5 16. d4 h6 17. Bh4 g5 18. Bg3 Bxg3 19. fxg3 Qd6 20. g4 Bg6 21. c3 Ne4 22. Ne5 Bh7 23. Bc2 f6 24. Bxe4 dxe4 25. Qb3+ Kg7 26. Rad1 fxe5 27. dxe5 Qxe5 28. Rd7+ Kh8 29. Red1 Bg8 30. Qc2 Rae8 31. b3 Re7 32. R7d6 Re6 33. Rd7 Ref6 34. Qe2 Qf4 35. Kh1 Qg3 36. Rg1 Re8 37. c4 e3 0-1

[Event "Liechtenstein Seniors op 03rd"]
[Site "Triesen"]
[Date "2003.05.28"]
[Round "6"]
[White "Rigg, Hans"]
[Black "Frei, Eugen"]
[Result "1-0"]
[WhiteElo "1787"]
[BlackElo "1756"]
[PlyCount "89"]
[EventDate "2003.05.??"]
[EventType "swiss"]
[EventRounds "9"]
[EventCountry "LIE"]
[SourceTitle "EXT 2006"]
[Source "ChessBase"]
[SourceDate "2005.11.24"]
[SourceVersion "1"]
[SourceVersionDate "2005.11.24"]
[SourceQuality "1"]

1. d4 Nf6 2. c4 e6 3. Nc3 c5 4. d5 exd5 5. cxd5 d6 6. e4 a6 7. a4 g6 8. Bd3 Bg7 9. Bg5 Qc7 10. Nge2 0-0 11. 0-0 Re8 12. Rc1 Nbd7 13. b3 Rb8 14. h3 Ne5 15. Bb1 b5 16. f4 Ned7 17. Ng3 b4 18. Nce2 h6 19. Bh4 Nh7 20. Qd2 a5 21. Bd3 f6 22. e5 dxe5 23. Bxg6 Rf8 24. Qd3 Ng5 25. Nf5 exf4 26. d6 Qa7 27. Qd5+ Kh8 28. Nxf4 Bb7 29. Qd1 Ne4 30. Ne6 Ne5 31. Qh5 c4+ 32. Kh2 Nxg6 33. Qxg6 Bd5 34. Nexg7 Rf7 35. Qxh6+ Kg8 36. Ne7+ Rxe7 37. dxe7 Qxe7 38. Nf5 Qf7 39. Qf4 Qb7 40. Nh6+ Kh7 41. Bxf6 Rf8 42. Ng4 Kg8 43. bxc4 Be6 44. Rce1 Nc5 45. Qg5+ 1-0

[Event "AUT-chT2W 9900"]
[Site "Austria"]
[Date "2000.01.22"]
[Round "7"]
[White "Blocher, Joachim"]
[Black "Rigg, Hans"]
[Result "1/2-1/2"]
[WhiteElo "2063"]
[BlackElo "1901"]
[PlyCount "55"]
[EventDate "1999.10.15"]
[EventType "team"]
[EventRounds "11"]
[EventCountry "AUT"]
[SourceTitle "EXT 2000"]
[Source "ChessBase"]
[SourceDate "1999.11.16"]
[SourceVersion "1"]
[SourceVersionDate "1999.11.16"]
[SourceQuality "1"]

1. d4 Nf6 2. c4 g6 3. Nc3 d5 4. cxd5 Nxd5 5. e4 Nxc3 6. bxc3 Bg7 7. Be3 c5 8. Qd2 cxd4 9. cxd4 0-0 10. Rb1 Nc6 11. Nf3 b6 12. Bb5 Bb7 13. 0-0 Rc8 14. Rfd1 Na5 15. Qd3 Qd6 16. e5 Qd5 17. Ba6 Rfd8 18. Bxb7 Qxb7 19. d5 Nc4 20. Bf4 Rc5 21. d6 exd6 22. exd6 Nb2 23. Qe3 Nxd1 24. Qxc5 Qxf3 25. gxf3 bxc5 26. Rxd1 Bd4 27. Re1 g5 28. Bg3 1/2-1/2